000 00429nam a2200169 a 4500
001 0000-8864
003 ELIB.Books
008 110520 1939
035 _a(ELIB.Books)0000-9010
082 _a269
_bTri
100 _aTrimble, Henry Burton
245 _aTo Every Creature
260 _bNashville; Cokesbury Press
_c1939
650 _aChristian Education
942 _2ddc
_cBK
998 _cbat
_e2011-05-20
999 _c8864
_d8864